00941nam a2200217 a 4500001001000000005001700010008004100027020001500068020001500083041000800098044000700106050002500113245013500138260006300273300004200336500005900378500017800437650006100615700001900676700002800695BRCA_106020190320203248.0070508s2003----sw-a######---#000-0#eng-# a919744135X a9185213012 aeng asw 4aNK1457.A1b.S33 200310aScandinavian Design Beyond the MythbFifty Years of Design from the Nordic Countriescedited by Widar Halén and Kerstin Wickman. aEstocolmo, SueciabArvinius Förlag : Form Förlagc2003 a229 p.bil. (algunas a color)c29 cm. aIncluye información acerca de los autores e índice aCatálogo de la exposición realizada en el Kunstgewerbemuseum (Berlin), 11 noviembre, 2003 - febrero 2004 y viajo a través de varios sitios europeos en noviembre, 200714aDiseñovExposicionesxHistoriaySiglo XXzEscandinavia1 aHalén, Widar1 aWickman, Kerstind1941-